000 00562cam a2200181 a 4500
020 _a0784400687 (recycled paper)
082 0 0 _a624.1834
_bSTA
_cL-39, P-195
100 _aA. S. C. E
_938756
245 0 0 _aStandard Practice For Shotcrete.
_cA. S. C. E
260 _aNew York, N.Y. :
_bASCE Press,
_cc1995.
300 _a66 p. :
_bill. ;
_c28 cm.
526 _a0
_b0
_c0
_d624_183400000000000_STA
650 0 _aConcrete construction.
650 0 _aMCE
_9379
650 0 _aShotcrete.
_944885
710 2 _aAmerican Society of Civil Engineers.
_9702
942 _2ddc
_cBK
999 _c550062
_d550062